000 00850cam a2200217 4500
001 WB3719-19
008 000000n2001 000 0 eng u
035 _a(Sirsi) u112592
245 _aPrices to fall in central London
260 _c2001
490 _aEstates Gazette
_v(0119) 12 May 2001, 44(1)
520 _aResearch from FPD Savills indicates that the central London property market faces a difficult future. Notes that a downturn in the US economy would particularly hit the residential lettings market, as more that 45% of tenants in prime central London are American.
590 _aWB
650 _aFPD SAVILLS
650 _aUS ECONOMY
650 _aCENTRAL LONDON
650 _aRESIDENTIAL PROPERTY MARKET
650 _aRESIDENTIAL LETTINGS
690 _aPROPERTY-RESIDENTIAL PROPERTY-RESIDENTIAL PROPERTY MARKET
942 _n0
999 _c67016
_d67016